000 00717cam a2200181 i 4500
005 20251108172758.0
008 250721s2004 jo gr 000 0 ara d
082 1 4 _a001.75022
_bك ي ل
100 1 _aالكيلاني، عبدالله زيد
_eمؤلف.
245 1 0 _aدليل الرسائل والأطروحات الجامعية /
_cا. د. عبدالله زيد الكيلاني.
250 _aالطبعة الاولى.
264 3 1 _aعمان :
_bدار المسيرةللنش والتوزيع والطباعة،
_c2004.
650 1 7 _aالرسائل الجامعيه.
650 1 7 _aالاطروحات الجامعيه.
650 1 7 _aالادله.
942 _2ddc
_cBK
999 _c88304
_d88304